000 00591nam a2200205 a 4500
005 20210223124629.0
008 020606s1998 mx r 000 0 spa d
020 _a8478841482
035 _aUPN01000117730
049 _aCG
050 4 _aHM711
_bG3.7 1998
245 0 0 _aGestión participativa de las asociaciones /
_cEquipo claves.
250 _a2a ed.
260 _aMadrid :
_bPopular,
_c1998.
300 _a207 p.
440 0 _aPromoción cultural ;
_v33
650 4 _aASOCIACIONES, INSTITUCIONES, ETC. -
_zESPAÑA
_98460
650 4 _aPARTICIPACION SOCIAL -
_zESPAÑA
905 _aLibro
999 _c90183
_d90183